Statistics for Title in the Lyrics -- Kpop

Click here to take the quiz!

General Stats

  • This quiz has been taken 10 times
  • The average score is 7 of 15

Answer Stats

LyricsTitle% Correct
Everybody say __! / Deoneun najungiran mallo andwae / Deoneun namui kkume gatyeo salji ma / We roll (we roll) / We roll (we roll) / We rollN.O
100%
Nanananana / Wow _________ ____ / Dance / I wanna dan dan dan dan danceFantastic Baby
89%
Op, op, op, op / Oppa _______ _____Gangnam Style
78%
Loverholic, robotronic, loverholic, robotronic / Geobuhal su eomneun neoui maryeogeun _______Lucifer
56%
Bitnaneun geotdeureun manha, geu ane jinjjareul bwabwa / ____ __ ____, ____ __ ____ / ____ __ ____, ____ __ ____ / (You know my name girl)Call Me Baby
44%
Neomu neomu meotjyeo nuni nuni busyeo / sumeul mot swigesseo tteollineun geol / ___ ___ ___ ___ baby baby baby / ___ ___ ___ ___ baby baby babyGee
44%
I can be your ____ , I can be your man / I can be your ____, I can be your manHero
44%
Yeah ____ ___ ___, one night / Haruman naege sigani itdamyeonJust One Day
44%
Just a _____ oetori sangcheoppunin meojeori / Deoreoun sseuregi geoul soge nan / I'm aLoser
44%
Hey! ________! Naega ayayayaya / Janinhage kkaejyeobeorin kkumi ayayayayaMamacita
44%
Geurae ____ naega ____! Awouuuuu / A saranghaeyoWolf
33%
____ ____ ____ / Can you ____ ____ ____ / Eh / Chagaun sesang kkeute nal beoriji malgo nae gyeoteuroCome Back Home
22%
(_____ _____ _____ they love me) / Naneun wae momi ireoneun geoniGirls Girls Girls
22%
I keep ________ __ ____, _______ __ ____ / Neoman bomyeon nae maeumi oh oh oh ohFalling in Love
11%
We're gonna ___, ___... / Neol anko naragabollae / Neon nawa hamkke gajullae girlFly
11%

Score Distribution

Percentile by Number Answered

Percent of People with Each Score

Your Score History

You have not taken this quiz